The political economy of armed conflict : (Record no. 13860)

000 -LEADER
fixed length control field 01308cam a22003254a 4500
001 - CONTROL NUMBER
control field 13159185
005 - DATE AND TIME OF LATEST TRANSACTION
control field 20170105102841.0
008 - FIXED-LENGTH DATA ELEMENTS--GENERAL INFORMATION
fixed length control field 030411s2003 coua b 001 0 eng
010 ## - LIBRARY OF CONGRESS CONTROL NUMBER
LC control number 2003046717
020 ## - INTERNATIONAL STANDARD BOOK NUMBER
International Standard Book Number 1588261972 (alk. paper)
020 ## - INTERNATIONAL STANDARD BOOK NUMBER
International Standard Book Number 1588261727 (pbk. : alk. paper)
040 ## - CATALOGING SOURCE
Original cataloging agency DLC
Transcribing agency DLC
Modifying agency DLC
042 ## - AUTHENTICATION CODE
Authentication code pcc
050 00 - LIBRARY OF CONGRESS CALL NUMBER
Classification number HB195
Item number .P635 2003
082 00 - DEWEY DECIMAL CLASSIFICATION NUMBER
Classification number 303.64
Edition number 21
245 04 - TITLE STATEMENT
Title The political economy of armed conflict :
Remainder of title beyond greed and grievance /
Statement of responsibility, etc. edited by Karen Ballentine and Jake Sherman.
260 ## - PUBLICATION, DISTRIBUTION, ETC.
Place of publication, distribution, etc. Boulder, Co. :
Name of publisher, distributor, etc. Lynne Rienner Publishers,
Date of publication, distribution, etc. 2003.
300 ## - PHYSICAL DESCRIPTION
Extent ix, 317 p. :
Other physical details ill. ;
Dimensions 24 cm.
500 ## - GENERAL NOTE
General note "A project of the International Peace Academy."
504 ## - BIBLIOGRAPHY, ETC. NOTE
Bibliography, etc. note Includes bibliographical references and index.
650 #0 - SUBJECT ADDED ENTRY--TOPICAL TERM
Topical term or geographic name entry element Civil war
General subdivision Economic aspects
Form subdivision Case studies.
650 #0 - SUBJECT ADDED ENTRY--TOPICAL TERM
Topical term or geographic name entry element War
General subdivision Economic aspects
Form subdivision Case studies.
700 1# - ADDED ENTRY--PERSONAL NAME
Personal name Ballentine, Karen.
700 1# - ADDED ENTRY--PERSONAL NAME
Personal name Sherman, Jake.
710 2# - ADDED ENTRY--CORPORATE NAME
Corporate name or jurisdiction name as entry element International Peace Academy.
856 41 - ELECTRONIC LOCATION AND ACCESS
Materials specified Table of contents
Uniform Resource Identifier <a href="http://www.loc.gov/catdir/toc/fy038/2003046717.html">http://www.loc.gov/catdir/toc/fy038/2003046717.html</a>
906 ## - LOCAL DATA ELEMENT F, LDF (RLIN)
a 7
b cbc
c orignew
d 1
e ocip
f 20
g y-gencatlg
942 ## - ADDED ENTRY ELEMENTS (KOHA)
Source of classification or shelving scheme
Koha item type Book
Holdings
Withdrawn status Lost status Damaged status Not for loan Collection code Permanent Location Current Location Shelving location Date acquired Total Checkouts Full call number Barcode Date last seen Date last checked out Price effective from Koha item type
          Centre for International Peace & Stability (CIPS) Centre for International Peace & Stability (CIPS) General Stacks 08/02/2013 1 303.64 POL 2005 CIPS0000162 01/17/2022 11/15/2021 08/02/2013 Book
© 2023 Central Library, National University of Sciences and Technology. All Rights Reserved.